000
00245nam a22001097a 4500
008
170112b xxu||||| |||| 00| 0 eng d
020
_a
9791560793556
041
_a
eng
080
_a
618.2
245
_a
NURSING PROGRAMS
_c
PETERSON
942
_2
udc
_c
BK
999
_c
2769
_d
2769